000
00165 a2200073 4500
020
_a
9781415015070
082
_a
172967
245
_a
DIE GRIESKE DOKTER EN SY APOESTERBRUID
999
_c
789075
_d
789074
942
_w
13411
_x
Bongani Makatu
_y
13411
_z
Bongani Makatu